Hoy con los espías

Salvato in:
Dettagli Bibliografici
Autore principale: Altavilla, Enrico (Autore)
Natura: Libro
Lingua:spagnolo
Pubblicazione: Madrid Guadarrama 1968
Soggetti:
Tags: Aggiungi Tag
Nessun Tag, puoi essere il primo ad aggiungerne!!

MARC

LEADER 00000nam a2200000 a 4500
001 UCH3041
003 CL-VaPUC
008 090709e19680000SP |||||||||||||||||spa|d
082 0 4 |a 327.12  |b ALT  |2 21 
100 0 |a Altavilla, Enrico  |e author  |9 538199 
245 1 0 |a Hoy con los espías 
300 |a 197 p 
942 |c BK 
945 |d 20090709 00:00:00  |a dcastane 
260 |a Madrid  |b Guadarrama  |c 1968 
650 7 |a ESPIONAJE  |2 CL-VaPUC  |9 381854 
650 7 |a ESPIONAJE INDUSTRIAL  |2 CL-VaPUC  |9 329486 
583 |a last modification  |c 20090709 00:00:00  |k Rodrigo Vera 
999 |c 334698  |d 334696 
952 |0 0  |1 0  |4 0  |6 327_120000000000000_ALT_1968  |7 0  |8 X  |9 423831  |a FDOBUD  |b FDOBUD  |d 2019-11-22  |i 455678K  |o 327.12 ALT 1968  |p 455678K  |r 2019-11-22  |w 2019-11-22  |y BK_X  |k BUD